[Event "RSA-ch U08"]
[Site "Gauteng"]
[Date "2017.04.10"]
[Round "10"]
[White "Peter, Noah"]
[Black "Spiller, Arin"]
[Result "1-0"]
[WhiteElo "1048"]
[BlackElo "829"]
[PlyCount "29"]
[EventDate "2017.04.05"]
[EventType "swiss"]
[EventRounds "11"]
[EventCountry "RSA"]
[SourceTitle "CBM 177 Extra"]
[Source "ChessBase"]
[SourceDate "2017.04.27"]
[SourceVersion "1"]
[SourceVersionDate "2017.04.27"]
[SourceQuality "1"]

1. d4 d5 2. Nf3 Nc6 3. e3 Bg4 4. Nbd2 e6 5. Be2 Nf6 6. 0-0 Bb4 7. c3 Ba5 8. b3 0-0 9. Bb2 e5 10. h3 Bxf3 11. Nxf3 exd4 12. Nxd4 Nxd4 13. Qxd4 a6 14. c4 Ne4 15. Qxg7# 1-0

[Event "RSA-ch U08"]
[Site "Gauteng"]
[Date "2017.04.10"]
[Round "9"]
[White "Voigt, Daniel"]
[Black "Spiller, Arin"]
[Result "0-1"]
[WhiteElo "735"]
[BlackElo "829"]
[PlyCount "48"]
[EventDate "2017.04.05"]
[EventType "swiss"]
[EventRounds "11"]
[EventCountry "RSA"]
[SourceTitle "CBM 177 Extra"]
[Source "ChessBase"]
[SourceDate "2017.04.27"]
[SourceVersion "1"]
[SourceVersionDate "2017.04.27"]
[SourceQuality "1"]

1. e4 e5 2. Nf3 Nc6 3. d4 exd4 4. Nxd4 Nxd4 5. Qxd4 Nf6 6. Nc3 Qe7 7. e5 Qb4 8. Qxb4 Bxb4 9. exf6 gxf6 10. a3 Bc5 11. b4 Bb6 12. Bb2 0-0 13. Be2 Re8 14. 0-0-0 Bxf2 15. Rhf1 Be3+ 16. Kb1 d6 17. Nd5 Bb6 18. Nxf6+ Kf8 19. Nxe8 Kxe8 20. Bh5 Kf8 21. Rxf7+ Kg8 22. Re1 Bg4 23. Rfe7 Bxh5 24. R7e6 Bg4 0-1

[Event "RSA-ch U08"]
[Site "Gauteng"]
[Date "2017.04.07"]
[Round "4"]
[White "Van Zyl, Benjamin"]
[Black "Spiller, Arin"]
[Result "1-0"]
[WhiteElo "557"]
[BlackElo "829"]
[PlyCount "49"]
[EventDate "2017.04.05"]
[EventType "swiss"]
[EventRounds "11"]
[EventCountry "RSA"]
[SourceTitle "CBM 177 Extra"]
[Source "ChessBase"]
[SourceDate "2017.04.27"]
[SourceVersion "1"]
[SourceVersionDate "2017.04.27"]
[SourceQuality "1"]

1. e4 e5 2. Nf3 Nc6 3. Bc4 Bc5 4. c3 Nf6 5. d3 h6 6. 0-0 0-0 7. Re1 d6 8. Nbd2 Bg4 9. h3 Bxf3 10. Nxf3 Re8 11. Nh4 Ng4 12. Qxg4 Qf6 13. Qg6 Qxf2+ 14. Kh2 Rf8 15. Bxh6 Qf6 16. Qxf6 gxf6 17. Bxf8 Rxf8 18. Ng6 Re8 19. Rf1 Kg7 20. Nh4 Rh8 21. g3 Be3 22. Nf5+ Kg6 23. Nxe3 Ne7 24. Rf2 Rh5 25. Raf1 1-0